| 000 | 00755nam a2200217 a 4500 | ||
|---|---|---|---|
| 005 | 20231111063632.0 | ||
| 008 | 040119s2002 mx r 000 0 spa d | ||
| 020 | _a848768243X | ||
| 035 | _aUPN01000131363 | ||
| 049 | _aCG | ||
| 050 | 4 |
_aLB2322.2 _bB3.2 |
|
| 100 | 1 |
_aBarnett, Ronald, _d1947- _935474 |
|
| 245 | 1 | 0 |
_aClaves para entender la universidad en una era de supercomplejidad / _cRonald Barnett ; tr. José M. Pomares. |
| 260 |
_aBarcelona, Esp. : _bPomares, _c2002. |
||
| 300 | _a256 p. | ||
| 440 | 0 | _aEducación y conocimiento | |
| 534 |
_pTraducción de: _tRealizing the university in an age of supercomplexity |
||
| 650 | 4 |
_aEducación superior _xFines y objetivos _910340 |
|
| 650 | 4 |
_aPOSTMODERNISMO Y EDUCACION _99023 |
|
| 905 | _aLibro | ||
| 999 |
_c103518 _d103518 |
||